Phong thủy ứng dụng Tập 1
Nội dung sách cung cấp kiến thức căn bản về phong thủy. Hình thể trong Phong Thủy. Bát trạch căn bản. Phong thủy huyền không phi tinh. Phong thủy ứng dụng
محفوظ في:
| المؤلف الرئيسي: | |
|---|---|
| مؤلفون آخرون: | |
| التنسيق: | كتاب |
| اللغة: | Vietnamese |
| منشور في: |
H.
Xây dựng
2022
|
| الموضوعات: | |
| الوسوم: |
إضافة وسم
لا توجد وسوم, كن أول من يضع وسما على هذه التسجيلة!
|
| Thư viện lưu trữ: | Thư viện Trường Đại học Nam Cần Thơ |
|---|
| LEADER | 01186nam a22002177a 4500 | ||
|---|---|---|---|
| 001 | NCT_146061 | ||
| 008 | 230330b xxu||||| |||| 00| 0 vie d | ||
| 999 | |c 7520 |d 7520 | ||
| 020 | |a 9786048268381 |c 179000 | ||
| 082 | 0 | 4 | |2 23rd ed. |a 133.3337 |b T507 |
| 100 | 1 | |a Nguyễn Trọng Tuệ |e Chủ biên | |
| 245 | 1 | 0 | |a Phong thủy ứng dụng |n Tập 1 |c Nguyễn Trọng Tuệ (Chủ biên); Trịnh Thanh Tuấn |
| 260 | |a H. |b Xây dựng |c 2022 | ||
| 300 | |a 204 tr. |b minh họa |c 24 cm | ||
| 520 | 3 | |a Nội dung sách cung cấp kiến thức căn bản về phong thủy. Hình thể trong Phong Thủy. Bát trạch căn bản. Phong thủy huyền không phi tinh. Phong thủy ứng dụng | |
| 653 | |a Kiến trúc | ||
| 700 | 1 | |a Trịnh Thanh Tuấn | |
| 942 | |2 ddc |c BK | ||
| 952 | |0 0 |1 0 |2 ddc |4 0 |6 133_333700000000000_T507 |7 0 |9 27103 |a 000001 |b 000001 |d 2023-03-30 |o 133.3337 T507 |p MD.21197 |r 2023-03-30 |v 179000.00 |w 2023-03-30 |y BK | ||
| 952 | |0 0 |1 0 |2 ddc |4 0 |6 133_333700000000000_T507 |7 0 |9 27104 |a 000001 |b 000001 |d 2023-03-30 |o 133.3337 T507 |p MD.21198 |r 2023-03-30 |v 179000.00 |w 2023-03-30 |y BK | ||
| 980 | |a Thư viện Trường Đại học Nam Cần Thơ | ||


